000 01173nam a22003257i 4500
003 EG-GICUC
005 20260121101554.0
008 251231s1965 ua ||||fr|||| 001 0 eng d
040 _aEG-GiCUC
_cEG-GiCUC
_dEG-GiCUC
_erda
_beng
041 _aeng
082 0 4 _221
_a341.3073
_bRE
092 0 4 _221
099 _aLaw1 11 341.3073 RE 1965
245 0 0 _aRestatement of the law, second, foreign relations law of the United States /
_cAs Adopted And Promulgated By The American Law Institute At Washington.
246 1 _aForeign relations law of the United States.
264 1 _aSt. Paul, Minn :
_bAerican Law Institute Publishers,
_c1965.
300 _axxvi, 679 pages ;
_c24 cm.
336 _2rda content
_atext
337 _2rda media
_aComputer
338 _2rda carrier
_aOnline Resource
500 _aRevisions adopted ... May 20, 1964 and May 20, 1965.
504 _aInclude index
546 _aText in English
650 1 4 _aForeign relations
_xPublic international law
_zUnited States
651 1 _2qrmak
710 _aAmerican Law Institute.
856 4 0 _uhttps://fll.law.cu.edu.eg/fulltext/bks/B11-06659.pdf
905 _a75
942 _2ddc
_cBK
_e21
_n0
999 _c53420
_d53420